Estadísticas para Rosco de Pasapalabra #29

Haz click aquí para intentar la prueba.

Estadísticas generales

  • Esta prueba ha sido intentada 129 veces
  • La puntuación promedio es 11 de 25

Estadísticas de respuestas

InicialDefiniciónRespuesta% Correcto
AQue atrae o tiene fuerza para atraerAtractivo
82%
JDía, período de 24 horasJornada
82%
LLugar formado por caminos entrecruzados, en el que es difícil orientarse y encontrar la salidaLaberinto
73%
RDispositivo informático que permite controlar el movimiento del puntero por la pantalla del ordenadorRatón
73%
Contiene la XQue ocupa en una serie el lugar número seisSexto
65%
TAsiento sin brazos ni respaldo, para una personaTaburete
63%
NMédico especialista en el riñón y sus enfermedadesNefrólogo
60%
PPapel o folleto que acompaña a un medicamento, en el que se explica su composición, utilidad y modo de empleoProspecto
58%
DTerritorio bajo la jurisdicción de un obispo o arzobispoDiócesis
54%
ZTécnica gimnástica que combina el baile al son de ritmos latinos con el ejercicio aeróbicoZumba
54%
GJabón o producto cosmético o medicinal semilíquidosGel
53%
UCada uno de los conductos por donde desciende la orina desde los riñones a la vejigaUréter
51%
OExclamación con que se demuestra deseo de que ocurra cierta cosaOjalá
49%
FCombustible líquido obtenido del petróleo, que se destina especialmente a la calefacciónFuel
46%
CAumento del caudal de los ríos y arroyosCrecida
42%
BMampara formada por varias láminas, unidas por bisagras, que se pueden plegar y desplegarBiombo
41%
Contiene la ÑMáquina que se usa para extraer la leche de las ubres de las vacas mediante succiónOrdeñadora
33%
Contiene la QPersona que en un pueblo o comarca ejerce excesiva influencia en asuntos políticosCacique
31%
ISe dice de la persona que perdona o disculpa fácilmente errores o faltasIndulgente
17%
HSeducir o cautivar intensamente a alguienHechizar
15%
SCáscara triturada del grano de los cereales y separada de la harinaSalvado
14%
Contiene la YGrupo de personas famosas, especialmente en las letras, que viven en la misma épocaPléyade
5%
EUnidad de medida para leña, equivalente a la que puede apilarse en el espacio de un metro cúbicoEstéreo
4%
MNombre del grupo de música que publicó el álbum 'Por tu bien', que incluye la canción 'Duele amarte así'Matisse
4%
VApellido del economista que presidió la Reserva Federal de Estados Unidos entre 1979 y 1987Volcker
3%

Distribución de puntuación

Porcentaje por número respondido

Porcentaje de gente con cada puntuación

Historial de tus puntuaciones

No has intentado esta prueba.